[Event "1a. Categoria 2005"]
[Site "?"]
[Date "2005.??.??"]
[Round "?"]
[White "Rosales S., Allan"]
[Black "Castro J., Jose"]
[Result "1-0"]
[WhiteElo "1912"]
[BlackElo "1728"]
[PlyCount "65"]

1. e4 c5 2. Nc3 Nc6 3. f4 d6 4. Nf3 g6 5. g3 Bg7 6. Bg2 Bg4 7. O-O Nd4 8. d3
Qc8 9. Nd5 e6 10. Ne3 Nxf3+ 11. Bxf3 Bxf3 12. Qxf3 12... Ne7 $2 13. f5 exf5 14.
exf5 gxf5 15. Nxf5 Nxf5 16. Qxf5 Bd4+ 17. Kg2 Qxf5 18. Rxf5 f6 19. c3 Be5 20.
Be3 20... Kd7 $4 21. d4 cxd4 22. cxd4 Ke6 23. Rff1 Rac8 24. dxe5 Rc2+ 25. Kh3
Kxe5 26. Rxf6 Kd5 27. Bxa7 Rxb2 28. Rd1+ Ke4 29. Rfxd6 Re2 30. Rb1 h5 31. Rb5
Rh7 32. Rdd5 Re7 33. Bb8 1-0

[Event "1a. Categoria 2005"]
[Site "?"]
[Date "2005.??.??"]
[Round "?"]
[White "Arevalo S., Felipe"]
[Black "Rossi M., Luis"]
[Result "1/2-1/2"]
[WhiteElo "1640"]
[BlackElo "1794"]
[PlyCount "58"]

1. e4 c5 2. Nc3 b6 3. f4 Bb7 4. Nf3 e6 5. g3 d5 6. d3 d4 7. Ne2 Nc6 8. Bg2 Nge7
9. O-O f6 10. h3 Qc7 11. g4 g6 12. Ng3 Bh6 13. Qe1 O-O-O 14. e5 f5 15. g5 Bg7
16. h4 Nb4 17. Qe2 Ned5 18. a3 Na6 19. h5 Ne7 20. Bd2 Kd7 21. a4 Ke8 22. a5 b5
23. Kh2 Kf7 24. c3 Qd7 25. cxd4 cxd4 26. Rac1 Rc8 27. h6 Bf8 28. Rxc8 Nxc8 29.
Rc1 Bc5 1/2-1/2

[Event "1a. Categoria 2005"]
[Site "?"]
[Date "2005.??.??"]
[Round "?"]
[White "Ojeda M., Pablo"]
[Black "Pando T., Luis"]
[Result "1-0"]
[WhiteElo "1980"]
[BlackElo "1800"]
[PlyCount "51"]

1. e4 e5 2. Nf3 Nc6 3. Bc4 Bc5 4. c3 Nf6 5. b4 Bb6 6. d3 a6 7. a4 d6 8. a5 Ba7
9. Bg5 h6 10. Bh4 Bg4 11. Qb3 O-O 12. Nbd2 Nb8 13. h3 Bxf3 14. Nxf3 Nbd7 15. g4
15... Qc8 $2 16. g5 Nh5 17. gxh6 17... b5 $2 18. axb6 Nxb6 19. Bxa6 Qe6 20.
Qxe6 fxe6 21. Ng5 Rae8 22. Bb5 c6 23. Bxc6 Re7 24. hxg7 Kxg7 25. Rg1 Kh8 26.
Nxe6 1-0

[Event "1a. Categoria 2005"]
[Site "?"]
[Date "2005.??.??"]
[Round "?"]
[White "Castro J., Jose"]
[Black "Ojeda M., Pablo"]
[Result "1/2-1/2"]
[WhiteElo "1728"]
[BlackElo "1980"]
[PlyCount "114"]

1. d4 c5 2. d5 Nf6 3. c4 e6 4. Nc3 d6 5. e4 Be7 6. f4 O-O 7. Nf3 exd5 8. cxd5
Re8 9. Bd3 Bg4 10. h3 Bd7 11. O-O Qb6 12. Kh2 Na6 13. a3 Rac8 14. e5 Nh5 15.
Bxh7+ Kxh7 16. Ng5+ Bxg5 17. fxg5 g6 18. Rxf7+ Kg8 19. Rxd7 Rxe5 20. Qd3 Rf5
21. Ne4 c4 22. Qc2 22... Rf1 $2 23. Nf6+ $2 (23. Be3 $1) 23... Kf8 24. Nxh5
Qg1+ 25. Kg3 gxh5 26. Rh7 Qd4 27. Qe2 Qd3+ 28. Qxd3 cxd3 29. Rh8+ Kf7 30. Rxc8
Nc5 31. Rc7+ Kg6 32. Re7 Nb3 33. Re6+ Kg7 34. Bd2 Rxa1 35. Bc3+ Kg8 36. g6 h4+
37. Kxh4 Rf1 38. Re8+ Rf8 39. Re7 Nd4 40. Bxd4 Rf4+ 41. Kg5 Rxd4 42. g3 Rxd5+
43. Kh6 Re5 44. Rd7 Re8 45. Rxd6 Rf8 46. Kg5 Rf3 47. Kh6 b5 48. Rd8+ Rf8 49.
Rxd3 a5 50. g4 b4 51. axb4 axb4 52. g5 Re8 53. h4 Kf8 54. h5 Kg8 55. g7 $2
55... b3 $1 56. Rxb3 $4 56... Re6+ 57. g6 Rxg6+ 1/2-1/2

[Event "1a. Categoria 2005"]
[Site "?"]
[Date "2005.??.??"]
[Round "?"]
[White "Castro J., Jose"]
[Black "Arevalo S., Felipe"]
[Result "1/2-1/2"]
[WhiteElo "1728"]
[BlackElo "1640"]
[PlyCount "55"]

1. d4 d5 2. c4 c6 3. Nc3 Nf6 4. Nf3 e6 5. Bg5 Nbd7 6. e3 Bb4 7. Qc2 Qa5 8. Bxf6
Nxf6 9. Nd2 O-O 10. c5 Bxc3 11. Qxc3 Qxc3 12. bxc3 Re8 13. Nf3 Ne4 14. Rc1 g6
15. Bd3 e5 16. O-O Bg4 17. Bxe4 dxe4 18. Nd2 exd4 19. cxd4 Rad8 20. Rb1 Be2 21.
Rfc1 Bb5 22. a4 Ba6 23. Nc4 Bxc4 24. Rxc4 Rd7 25. Rcb4 Rb8 26. a5 a6 27. Rb6
Kf8 28. Rf1 1/2-1/2

[Event "1a. Categoria 2005"]
[Site "?"]
[Date "2005.??.??"]
[Round "?"]
[White "Pando T., Luis"]
[Black "Rossi M., Luis"]
[Result "1-0"]
[WhiteElo "1800"]
[BlackElo "1794"]
[PlyCount "25"]

1. e4 c5 2. Nf3 d6 3. d4 cxd4 4. Nxd4 a6 5. a4 Nc6 6. Nc3 Nxd4 7. Qxd4 Nf6 8.
Bg5 h6 9. Bxf6 gxf6 10. Nd5 Qa5+ 11. b4 11... e5 $4 12. bxa5 exd4 13. Nc7+ 1-0

[Event "1a. Categoria 2005"]
[Site "?"]
[Date "2005.??.??"]
[Round "?"]
[White "Iocco B., Pablo"]
[Black "Velasco B., Carlos"]
[Result "1-0"]
[WhiteElo "1796"]
[BlackElo "1722"]
[PlyCount "115"]

1. e4 c5 2. Nf3 Nc6 3. d4 cxd4 4. Nxd4 Nxd4 5. Qxd4 f6 6. Bc4 e6 7. Nc3 Qc7 8.
Nb5 Qb8 9. Be3 a6 10. Nc3 Ne7 11. f4 b5 12. Bb3 Nc6 13. Qd1 Be7 14. O-O Na5 15.
f5 Nxb3 16. axb3 h5 17. Qf3 Bb7 18. Bf4 e5 19. Be3 Qc7 20. Qd1 Rc8 21. Rf2 Bb4
22. Nd5 Bxd5 23. Qxd5 Qc6 24. Rd1 Qxd5 25. Rxd5 Rc6 26. c3 Be7 27. Rfd2 d6 28.
Kf2 Kf7 29. Rc2 Rhc8 30. Kg3 g6 31. fxg6+ Kxg6 32. Rf2 Rg8 33. Rf5 Rcc8 34. Rd1
Kf7+ 35. Kh3 Rh8 36. Bg5 Ke6 37. Bh4 Rcg8 38. Rdf1 Rg6 39. Ra1 39... Rg4 $2 40.
Rxh5 Rxh5 41. Kxg4 Rh8 42. Rxa6 Rb8 43. b4 Rg8+ 44. Kf3 Rb8 45. Bf2 f5 46.
exf5+ Kxf5 47. g4+ Ke6 48. Ke4 Rh8 49. Bg3 Rb8 50. h4 Rc8 51. Rb6 Rc4+ 52. Kf3
e4+ 53. Ke3 Kd5 54. Rxb5+ Kc6 55. Rf5 d5 56. g5 Kb5 57. Rxd5+ Ka4 58. Rd4 1-0

[Event "1a. Categoria 2005"]
[Site "?"]
[Date "2005.??.??"]
[Round "?"]
[White "Ojeda M., Pablo"]
[Black "Zerega R., Manuel"]
[Result "1-0"]
[WhiteElo "1980"]
[BlackElo "1742"]
[PlyCount "160"]

1. e4 e6 2. d4 d5 3. Nd2 Nc6 4. c3 Nge7 5. e5 Ng6 6. Ngf3 Be7 7. Bd3 Nf4 8. Bf1
Bd7 9. Nb3 Ng6 10. Bd3 b6 11. a4 a6 12. Qe2 Qc8 13. Bg5 h6 14. Bxe7 Ncxe7 15.
g3 c5 16. Bxg6 fxg6 17. dxc5 bxc5 18. Qe3 c4 19. Nbd4 Nf5 20. Nxf5 gxf5 21. h3
Rb8 22. Ra2 O-O 23. g4 f4 24. Qe2 Qd8 25. h4 Be8 26. Qc2 Qe7 27. Rg1 g6 28. g5
h5 29. Nd4 Kg7 30. a5 Bd7 31. f3 Rb7 32. Qh2 Qc5 33. Qf2 Kh7 34. Nc2 Qxf2+ 35.
Kxf2 Rfb8 36. Nb4 Bb5 37. Raa1 Kg7 38. Rad1 Rd7 39. Rd4 Rf8 40. Rd2 Rf5 41. Re1
Rf8 42. Nc2 Kf7 43. Nd4 Rb7 44. Ne2 Ke8 45. Rd4 Rbf7 46. Rd2 Rb7 47. Nd4 Ke7
48. Rb1 Ba4 49. Ra1 Bb5 50. Ra3 Rc8 51. Ne2 Rf8 52. Rd4 Rf5 53. Nxf4 Kf7 54.
Ne2 Rxe5 55. Rf4+ Rf5 56. Ke3 Bd7 57. Rxf5+ 57... gxf5 $2 58. Ra2 e5 59. f4 Ke6
60. fxe5 Kxe5 61. Nf4 Be8 62. Kf3 d4 63. cxd4+ Kxd4 64. Ne6+ Kd5 65. Nf4+ Ke5
66. b4 Bc6+ 67. Ke3 Rxb4 68. Nxh5 Rb3+ 69. Kf2 c3 70. Re2+ Kd4 71. g6 Rb2 72.
g7 Bd5 73. Nf4 Bc4 74. Kf3 c2 75. Re1 Rb1 76. Ne2+ Bxe2+ 77. Rxe2 c1=Q 78. g8=Q
Qf1+ 79. Rf2 Qd3+ 80. Kf4 80... Qe4+ {el tiempo salva a Ojeda} 1-0

[Event "1a. Categoria 2005"]
[Site "?"]
[Date "2005.??.??"]
[Round "?"]
[White "Arevalo S., Felipe"]
[Black "Rosales S., Allan"]
[Result "0-1"]
[WhiteElo "1640"]
[BlackElo "1912"]
[PlyCount "52"]

1. e4 c5 2. Nc3 Nc6 3. f4 g6 4. Nf3 Bg7 5. g3 d6 6. Bg2 e6 7. O-O Nge7 8. h3
O-O 9. d3 a6 10. Ne2 b5 11. g4 f5 12. exf5 exf5 13. gxf5 Nxf5 14. Ne5 dxe5 15.
Bxc6 Ra7 16. fxe5 Bxe5 17. c3 Qd6 18. Be4 Raf7 19. Bxf5 Bxf5 20. Bh6 Bh2+ 21.
Kg2 Bxd3 22. Rxf7 Rxf7 23. Nd4 Be4+ 24. Nf3 Qg3+ 25. Kf1 Rxf3+ 26. Ke2 Qf2# 0-1

[Event "1a. Categoria 2005"]
[Site "?"]
[Date "2005.??.??"]
[Round "?"]
[White "Rosales V., Claudio"]
[Black "Zerega R., Manuel"]
[Result "1-0"]
[WhiteElo "1797"]
[BlackElo "1742"]
[PlyCount "149"]

1. e4 e6 2. c4 d5 3. cxd5 exd5 4. Nf3 dxe4 5. Qa4+ Nc6 6. Qxe4+ Qe7 7. Bd3 Nf6
8. Qxe7+ Bxe7 9. a3 O-O 10. O-O Rd8 11. Bb5 Na5 12. b4 a6 13. Ba4 b5 14. Bc2
Nc6 15. Bb2 Bb7 16. Re1 16... Bd6 $2 17. Bxf6 gxf6 18. Be4 Rab8 19. Nc3 Ne5 20.
Nh4 Bxe4 21. Nxe4 Kg7 22. Nf5+ Kg6 23. Nexd6 cxd6 24. Ne7+ Kg7 25. d4 Rd7 26.
Nf5+ Kg6 27. Nh4+ Kg5 28. dxe5 Kxh4 29. exd6 Rxd6 30. g3+ Kg5 31. Red1 Rxd1+
32. Rxd1 32... Kf5 $2 33. Rd6 Ra8 34. f4 h5 35. Kf2 Kg6 36. Kf3 36... a5 $2 37.
Rb6 axb4 38. axb4 Ra3+ 39. Kg2 Ra2+ 40. Kh3 Rb2 41. Rxb5 Kh6 42. Rb8 Kg7 43. b5
f5 44. b6 Kh7 45. Kh4 Kg6 46. h3 Rb3 47. b7 Kf6 48. Rh8 Rxb7 49. Rxh5 Rb5 50.
Rh6+ Kg7 51. Kg5 Rc5 52. Rd6 Rc3 53. g4 Rxh3 54. Kxf5 Rc3 55. Kg5 Rc5+ 56. f5
Ra5 57. Rd4 Rc5 58. Rf4 f6+ 59. Kh5 Rc8 60. Kh4 Rh8+ 61. Kg3 Kh6 62. Rd4 Kg5
63. Rd7 Rf8 64. Rg7+ Kh6 65. Rg6+ Kh7 66. Kf4 Rf7 67. g5 fxg5+ 68. Kxg5 68...
Rb7 $2 69. Rh6+ Kg7 70. f6+ Kg8 71. Kg6 Rb6 72. Rh5 Ra6 73. Rd5 Ra8 74. Rd7 Kf8
75. Rh7 1-0

[Event "1a. Categoria 2005"]
[Site "?"]
[Date "2005.??.??"]
[Round "?"]
[White "Rossi M., Luis"]
[Black "Zerega R., Manuel"]
[Result "0-1"]
[WhiteElo "1794"]
[BlackElo "1742"]
[PlyCount "47"]

1. d4 d5 2. c4 c6 3. Nc3 Nf6 4. Nf3 Bf5 5. e3 e6 6. b3 Be7 7. Be2 O-O 8. O-O
Qc7 9. Ne5 Nbd7 10. f4 Nxe5 11. fxe5 Ne4 12. Bb2 f6 13. exf6 Rxf6 14. Rc1 Rh6
15. Rf4 $2 15... Bg5 16. g3 Bxf4 17. exf4 Rf8 18. Bg4 Bxg4 19. Qxg4 Rg6 20. Qe2
Rxf4 21. Rf1 Rxf1+ 22. Kxf1 Nxc3 23. Bxc3 Qf7+ 24. Ke1 0-1

[Event "1a. Categoria 2005"]
[Site "?"]
[Date "2005.??.??"]
[Round "?"]
[White "Arevalo S., Felipe"]
[Black "Pando T., Luis"]
[Result "0-1"]
[WhiteElo "1640"]
[BlackElo "1800"]
[PlyCount "99"]

1. e4 d5 2. exd5 Qxd5 3. Nc3 Qa5 4. a3 e6 5. b4 $2 5... Bxb4 6. Nb5 Be7 7. Bb2
Nf6 8. Be5 Na6 9. Nf3 O-O 10. Bd3 c6 11. Nd6 Nc5 12. Nc4 Nxd3+ 13. cxd3 Qd5 14.
Qc2 Nd7 15. d4 f6 16. Ne3 Qa5 17. Bf4 e5 18. dxe5 Nxe5 19. Bxe5 fxe5 20. Nc4
Qc5 21. Rc1 Bf5 22. Qc3 e4 23. Nd4 Bf6 24. Qb3 Qxd4 25. Nd6+ Kh8 26. Nf7+ $2
26... Rxf7 27. Qxf7 Rd8 28. O-O Bg6 29. Qxb7 Be8 30. h3 Be5 31. Qe7 Bd6 32. Qg5
Bxa3 33. Rc4 Qd5 34. Qxd5 cxd5 35. Rc7 a5 36. f3 Bg6 37. fxe4 dxe4 38. Rb1 Bb4
39. Rbc1 h6 40. Rc8 Rxc8 41. Rxc8+ Kh7 42. Rd8 Bf7 43. d3 exd3 44. Rxd3 a4 45.
Rd7 Be6 46. Rb7 Bc5+ 47. Kf1 a3 48. Rb1 a2 49. Rd1 Bd4 50. Ke1 0-1

[Event "1a. Categoria 2005"]
[Site "?"]
[Date "2005.??.??"]
[Round "?"]
[White "Velasco B., Carlos"]
[Black "Rosales V., Claudio"]
[Result "1-0"]
[WhiteElo "1722"]
[BlackElo "1797"]
[PlyCount "117"]

1. e4 e5 2. Bc4 Bc5 3. Nf3 d6 4. h3 Nc6 5. c3 Nf6 6. d3 h6 7. a3 a6 8. O-O Be6
9. Bxe6 fxe6 10. Qb3 Kf7 11. Be3 Nd7 12. Nh2 Re8 13. Nd2 Kg8 14. Rae1 b5 15.
Qd1 d5 16. Qg4 Qf6 17. Qg3 Bd6 18. Ng4 Qg6 19. Nxh6+ Kh7 20. Qxg6+ Kxg6 21. Ng4
d4 22. cxd4 exd4 23. Bxd4 Nxd4 24. f4 Bc5 25. Kh1 Rf8 26. e5 Rh8 27. Ne4 Bb6
28. Ng5 Rae8 29. g3 Nf5 30. Kg2 Bd4 31. Re2 c5 32. Rc1 Nb6 33. Ne4 Nd5 34. h4
Nde3+ (34... Nxh4+ 35. gxh4 Nxf4+ 36. Kf3 Nxe2 37. Kxe2 Rxh4) 35. Nxe3 Nxe3+
36. Kf3 Nd5 37. Nxc5 Bxc5 38. Rxc5 Rc8 39. Rec2 Rxc5 40. Rxc5 Rb8 41. b4 Rb7
42. g4 Rc7 43. h5+ (43. f5+) 43... Kf7 44. d4 Rxc5 45. dxc5 Nc3 46. c6 Ke7 47.
g5 Nd5 48. Ke4 Nc3+ 49. Kd4 Ne2+ 50. Ke4 Nc3+ 51. Kf3 Nd5 52. h6 gxh6 53. gxh6
Kf7 54. Ke4 Ne7 55. c7 Kg6 56. Kd4 Kxh6 57. Kc5 Kg7 58. Kd6 Kf7 59. Kd7 1-0

[Event "1a. Categoria 2005"]
[Site "?"]
[Date "2005.??.??"]
[Round "?"]
[White "Rosales S., Allan"]
[Black "Torres E., Rodolfo"]
[Result "0-1"]
[WhiteElo "1912"]
[BlackElo "1820"]
[PlyCount "130"]

1. e4 d5 2. exd5 Qxd5 3. Nc3 Qa5 4. d4 Nf6 5. Bd2 c6 6. Nf3 Bf5 7. g3 Nbd7 8.
Bg2 e6 9. O-O Qc7 10. Bf4 Bd6 11. Bxd6 Qxd6 12. h3 h6 13. Re1 O-O 14. Qe2 Rad8
15. Rad1 Qb4 16. Qd2 Qxb2 17. Rb1 Qxc2 18. Qxc2 Bxc2 19. Rxb7 a6 20. Rc1 Bd3
21. Nd2 Nd5 22. Nce4 Bb5 23. a4 Bxa4 24. Rxd7 Rxd7 25. Nc5 25... Nb6 $1 26.
Nxd7 Nxd7 27. Ne4 Nb8 28. Nc5 Bb5 29. Nb7 Re8 30. Rc2 Re7 31. Nd6 Rd7 32. Nxb5
axb5 33. Bxc6 Nxc6 34. Rxc6 Rxd4 35. Rb6 Rd5 36. Rb7 g6 37. Kg2 Kg7 38. Kf3 g5
39. g4 Rd3+ 40. Kg2 Rb3 41. Kh2 b4 42. Kg2 Rb1 43. Rb5 b3 44. Rb7 b2 45. Rb5
Kg6 46. Rb6 Kf6 47. Rb5 Ke7 48. Rb6 Kd7 49. Rb7+ Kc6 50. Rb4 f5 51. gxf5 exf5
52. Rb8 h5 53. f3 g4 54. hxg4 54... hxg4 $1 55. f4 (55. fxg4 55... f4 $1) 55...
Kd5 56. Rb4 Kc5 57. Rb7 Kd4 58. Rb3 Ke4 59. Rb4+ Ke3 60. Rb3+ Kxf4 61. Rb4+ Kg5
62. Rb5 Kh4 63. Rb4 f4 64. Rb5 f3+ 65. Kh2 g3# 0-1

[Event "1a. Categoria 2005"]
[Site "?"]
[Date "2005.??.??"]
[Round "?"]
[White "Velasco B., Carlos"]
[Black "Castro J., Jose"]
[Result "0-1"]
[WhiteElo "1722"]
[BlackElo "1728"]
[PlyCount "32"]

1. e4 c5 2. Bc4 Nc6 3. a3 g6 4. f4 d6 5. c3 Bg7 6. Nf3 e6 7. d3 Nge7 8. Ba2 Qc7
9. Be3 O-O 10. Nbd2 b5 11. Rc1 a5 12. d4 c4 13. O-O d5 14. e5 b4 15. g4 Rb8 16.
Rb1 $2 16... b3 0-1

[Event "1a. Categoria 2005"]
[Site "?"]
[Date "2005.??.??"]
[Round "?"]
[White "Iocco B., Pablo"]
[Black "Rossi M., Luis"]
[Result "0-1"]
[WhiteElo "1796"]
[BlackElo "1794"]
[PlyCount "90"]

1. e4 e5 2. Nf3 Nf6 3. d4 exd4 4. e5 Ng8 5. Nxd4 d6 6. exd6 Bxd6 7. Bc4 Ne7 8.
O-O O-O 9. Nb5 a6 10. Nxd6 cxd6 11. Bg5 Qc7 12. Bxe7 Qxe7 13. Nc3 Nc6 14. Nd5
Qd8 15. a4 Be6 16. Ne3 Qd7 17. a5 Ne5 18. Bxe6 fxe6 19. f4 Nc6 20. Nc4 Rad8 21.
c3 Qc7 22. Qb3 d5 23. Qb6 Qb8 24. Na3 Rf6 25. g3 Ne7 26. Qe3 Nf5 27. Qe2 Qc7
28. Nc2 d4 29. Qe5 Qxe5 30. fxe5 Rff8 31. g4 d3 32. Rac1 dxc2 33. gxf5 exf5 34.
Rxc2 Rd5 35. Re1 Re8 36. e6 g6 37. b4 Kg7 38. c4 Rd6 39. e7 Kf6 40. Rce2 Kf7
41. Kf2 Rd7 42. c5 Rdxe7 43. c6 Rxe2+ 44. Rxe2 Rxe2+ 45. Kxe2 45... bxc6 $19
0-1

[Event "1a. Categoria 2005"]
[Site "?"]
[Date "2005.??.??"]
[Round "?"]
[White "Pando T., Luis"]
[Black "Rosales S., Allan"]
[Result "0-1"]
[WhiteElo "1800"]
[BlackElo "1912"]
[PlyCount "42"]

1. Nc3 d5 2. d4 Nf6 3. Nf3 a6 4. a4 Bg4 5. Ne5 Bh5 6. f3 Nbd7 7. Nd3 e6 8. Nf4
c5 9. Nxh5 Nxh5 10. g3 cxd4 11. Qxd4 Bc5 12. Qg4 g6 13. Bg5 Qb6 14. O-O-O Rc8
15. Na2 Ne5 16. Qh4 Nc4 17. b3 Ne3 18. Rd2 Ba3+ 19. Kb1 19... Rxc2 $1 20. Rd3
Rb2+ 21. Kc1 Qc5+ 0-1

[Event "1a. Categoria 2005"]
[Site "?"]
[Date "2005.??.??"]
[Round "?"]
[White "Velasco B., Carlos"]
[Black "Ojeda M., Pablo"]
[Result "0-1"]
[WhiteElo "1722"]
[BlackElo "1980"]
[PlyCount "26"]

1. e4 e5 2. Nf3 Nc6 3. Bc4 Nf6 4. Nc3 Nxe4 5. Nxe4 d5 6. Bxd5 Qxd5 7. Nc3 Qd8
8. h3 Bc5 9. Ne4 Bb6 10. d3 O-O 11. O-O f5 12. Ng3 f4 13. b3 $4 13... fxg3 0-1

[Event "1a. Categoria 2005"]
[Site "?"]
[Date "2005.??.??"]
[Round "?"]
[White "Iocco B., Pablo"]
[Black "Arevalo S., Felipe"]
[Result "0-1"]
[WhiteElo "1796"]
[BlackElo "1640"]
[PlyCount "87"]

1. e4 c5 2. Nf3 d6 3. d4 cxd4 4. Nxd4 Nf6 5. f3 a6 6. c4 Qc7 7. Nc3 e6 8. Be3
Nc6 9. Rc1 Be7 10. Nd5 Qd8 11. Nxe7 (11. Nxc6 $1 11... bxc6 12. Bb6 Qd7 13.
Nc7+) 11... Qxe7 12. Nb3 O-O 13. Qd2 Rd8 14. Bb6 Re8 15. Kf2 e5 16. Rd1 Bg4 17.
Be2 Be6 18. Qxd6 Qxd6 19. Rxd6 Nd7 20. Be3 Rac8 21. Rhd1 Nf6 22. Nc5 Nd4 23.
Bxd4 exd4 24. Nxe6 Rxe6 25. Rxe6 fxe6 26. Rxd4 b5 27. b3 Kf7 28. Rd6 Ra8 29. c5
Ke7 30. Rb6 Rf8 31. Ke3 Nd7 32. Rb7 Rc8 33. b4 Rc6 34. Ra7 e5 35. f4 exf4+ 36.
Kxf4 Rf6+ 37. Ke3 Rg6 38. g3 Kd8 39. Bf3 Ne5 40. a3 Nc4+ 41. Kd4 Nxa3 42. e5
Nc4 43. c6 Rg5 44. c7+ 0-1

[Event "1a. Categoria 2005"]
[Site "?"]
[Date "2005.??.??"]
[Round "?"]
[White "Velasco B., Carlos"]
[Black "Torres E., Rodolfo"]
[Result "1/2-1/2"]
[WhiteElo "1722"]
[BlackElo "1820"]
[PlyCount "184"]

1. e4 d5 2. exd5 Qxd5 3. Nc3 Qa5 4. d4 Nf6 5. Bd3 Bg4 6. f3 Bh5 7. Nge2 e6 8.
a3 c6 9. Bd2 Qc7 10. Nf4 Bd6 11. Nce2 Nbd7 12. Be3 O-O-O 13. b4 Bg6 14. c4 Bxd3
15. Qxd3 e5 16. dxe5 Nxe5 17. Qb3 g5 18. Nh3 18... Nd3+ $5 19. Kf1 g4 20. Qxd3
gxh3 21. Qf5+ Nd7 22. Qxh3 Be5 23. Rd1 Kb8 24. Kf2 Nb6 25. Qh4 f5 26. c5 Nd5
27. Bc1 Qg7 28. f4 Bf6 29. Qg3 Qh6 30. Qh3 Qg6 31. Rd3 h5 32. Rhd1 h4 33. Qf3
Rhg8 34. b5 Rde8 35. Ng1 Re4 36. bxc6 bxc6 37. Nh3 Rge8 38. Ng1 38... Bb2 $2
39. Bxb2 $4 (39. Rb3+) 39... Rxf4 40. Qxf4+ Nxf4 41. Rd8+ 41... Rxd8 $2 42.
Be5+ Kc8 43. Rxd8+ Kxd8 44. Bxf4 Qg4 45. g3 hxg3+ 46. hxg3 Qd1 47. Ne2 Qc2 48.
Be3 a5 49. Kf3 Qe4+ 50. Kf2 a4 51. Bd2 Kc8 52. Bb4 Kb7 53. Nf4 Ka6 54. Ne2 Qc2
55. Kf3 Qb3+ 56. Kf4 Qc2 57. Nc3 Qf2+ 58. Kg5 Qxg3+ 59. Kxf5 Qf2+ 60. Ke4 Qc2+
61. Kd4 Qb3 62. Kd3 Kb7 63. Kd4 Kc8 64. Ne4 Kd7 65. Nf6+ Ke6 66. Ne4 Qb2+ 67.
Kd3 Kf5 68. Nd6+ Kf4 69. Bd2+ Kf3 70. Bb4 Qb1+ 71. Kd4 Ke2 72. Ke5 Kd3 73. Ke6
Qb3+ 74. Kd7 Qd5 75. Kc7 75... Kc2 $2 76. Nb7 Qe4 77. Na5 Qe7+ 78. Kxc6 Qe8+
79. Kb7 Qd7+ 80. Ka6 Qc8+ 81. Kb5 Qd7+ 82. c6 Qa7 83. Kxa4 Kd3 84. Kb5 Qb8+ 85.
Nb7 Qc7 86. a4 Qb8 87. Kb6 Kc4 88. a5 Kd5 89. Bd6 Qc8 90. a6 $2 90... Qxc6+ 91.
Ka7 Kc4 92. Ka8 92... Kb5 {tablas por tiempo del negro} 1/2-1/2

[Event "1a. Categoria 2005"]
[Site "?"]
[Date "2005.??.??"]
[Round "?"]
[White "Rossi M., Luis"]
[Black "Rosales V., Claudio"]
[Result "0-1"]
[WhiteElo "1794"]
[BlackElo "1797"]
[PlyCount "88"]

1. e4 e5 2. Nf3 Nc6 3. Bb5 Bc5 4. O-O d6 5. d3 h6 6. a3 Nge7 7. Be3 Bxe3 8.
fxe3 a6 9. Bc4 Bg4 10. Nc3 O-O 11. Qe1 b5 12. Ba2 Be6 13. Bxe6 fxe6 14. Qg3 Qe8
15. Rf2 b4 16. axb4 Nxb4 17. d4 exd4 18. exd4 Qg6 19. Qxg6 Nxg6 20. g3 Rf7 21.
Ne1 Ne7 22. Rxf7 Kxf7 23. Nb5 Rc8 24. Na3 d5 25. c3 Nbc6 26. e5 Nf5 27. Kf2 Kg6
28. Nd3 Kf7 29. Nc2 a5 30. b4 axb4 31. Ncxb4 Nxb4 32. Nxb4 c5 33. g4 cxb4 34.
gxf5 bxc3 35. fxe6+ Kxe6 36. Ke3 g5 37. Rc1 h5 38. Kd3 g4 39. Rc2 Rf8 40. Kxc3
Rc8+ 41. Kd2 Rxc2+ 42. Kxc2 h4 43. Kd1 g3 44. hxg3 h3 0-1

[Event "1a. Categoria 2005"]
[Site "?"]
[Date "2005.??.??"]
[Round "?"]
[White "Rosales V., Claudio"]
[Black "Iocco B., Pablo"]
[Result "1/2-1/2"]
[WhiteElo "1797"]
[BlackElo "1796"]
[PlyCount "54"]

1. c4 e5 2. Nc3 Nf6 3. d3 d5 4. Bg5 dxc4 5. Qa4+ Nc6 6. dxc4 Bb4 7. Rc1 Be7 8.
e3 Nd7 9. Bxe7 Qxe7 10. Nd5 Qd8 11. Rd1 11... Nf6 $2 12. Nb6 Qxd1+ 13. Qxd1
axb6 14. Nf3 O-O 15. a3 Bf5 16. Nh4 Be6 17. Qc2 e4 18. g3 Ne5 19. Be2 Bh3 20.
f3 g5 21. Qc3 Ned7 22. Rg1 gxh4 23. gxh4+ Kh8 24. fxe4 Rae8 25. Rg3 Be6 26. Rf3
Kg7 27. Rg3+ Kh8 1/2-1/2